000 00332nam a2200133Ia 4500
008 240624s9999 xx 000 0 und d
041 _aeng
082 _a658 SHE
100 _aSHEIKH ARIF I
245 _aMALL MANAGEMENT
260 _c2008
_aNew Delhi
_bHimalaya Publishing House
300 _a392 : p. : cm. ; 24
365 _cRS
_b25
999 _c12072
_d12072